000 00808nam a2200253 a 4500
999 _c1465
_d1465
001 3004158
003 OSt
005 20180913164059.0
008 930601s1990 oru b 000 0 eng
010 _a 93160147
020 _a0914936824
040 _aDLC
_cDLC
050 0 0 _aBV210.2
_b.G39 1990
082 0 0 _a248.3
_220
_bG338A
100 1 _aGentile, Ernest B.
245 1 0 _aAwaken the dawn! :
_bdiscovering the joy and power of early morning prayer /
_cErnest B. Gentile.
260 _aPortland, Or. :
_bBible Temple Pub.,
_cc1990.
300 _a181 p. ;
_c22 cm.
504 _aIncludes bibliographical references (p. [179]-181).
650 0 _aPrayer
_bChristianity.
906 _a7
_bcbc
_corignew
_d4
_encip
_f19
_gy-gencatlg
942 _2ddc
_cBK